| 000 | 01156cam a2200325 a 4500 | ||
|---|---|---|---|
| 001 | 13587801 | ||
| 003 | OSt | ||
| 005 | 20240227130507.0 | ||
| 008 | 040510s2003 nyua 000 0 eng d | ||
| 010 | _a 2004272607 | ||
| 020 | _a0760747148 | ||
| 020 | _a9781841933177 | ||
| 035 | _a(OCoLC)ocm53405973 | ||
| 040 |
_aVPW _cVPW _dOCLCQ _dDLC |
||
| 042 | _alccopycat | ||
| 050 | 0 | 0 |
_aNC730 _b.B2923 2003 |
| 082 | 0 | 0 |
_a741.2 _222 _bBAR 2002 |
| 100 | 1 |
_aBarber, Barrington _c(Artist) _9121487 |
|
| 245 | 1 | 4 |
_aThe fundamentals of drawing / _c[Barrington Barber]. |
| 246 | 3 | 0 | _aDrawing |
| 246 | 1 |
_iSubtitle on cover: _acomplete professional course for artists |
|
| 260 |
_aNew York : _bBarnes and Noble, _c2002. |
||
| 300 |
_a208 p. : _bill. ; _c31 cm. |
||
| 650 | 0 |
_aDrawing _vTechnique. _9121488 |
|
| 856 | 4 | 2 |
_3Publisher description _uhttp://www.loc.gov/catdir/description/ste051/2004272607.html |
| 906 |
_a7 _bcbc _ccopycat _d2 _encip _f20 _gy-gencatlg |
||
| 942 |
_2ddc _cBK _aSADA _k741.2 BAR 2002 |
||
| 999 |
_c608342 _d608342 |
||